00446nam a22001217a 4500008004100000082002100041245006900062260005700131300000900188942001200197999001500209952010000224230621b xxu||||| |||| 00| 0 eng d a328.30bCPA 1976 aSummary of Proceedings of the Twenty-Fifth Parliamentary Seminar aLondonbCommonwealth Parliamentary Associationc1976 a127p 2ddccBK c2101d2101 00102ddc4070a002b002d2023-06-21l0o328.30 CPA 1976p10011090r2023-06-21w2023-06-21yBK